All Czech Republic's Premier League Players Ever - Statistics

General Stats
  • This quiz has been taken 47 times
  • The average score is 11 of 30
Answer Stats
# Year Team(s) Player % Correct
443 2004–19 Chelsea, Arsenal Petr Cech
100%
194 2019– West Ham Tomáš Souček
95%
147 2020– West Ham Vladimír Coufal
86%
170 2006–08, 2009–15 Arsenal Tomas Rosicky
77%
122 2002–08 Liverpool, Aston Villa, Portsmouth Milan Baros
74%
6 2024– Tottenham Antonín Kinsky
56%
1 2021–22 West Ham Alex Král
51%
229 1996–2008 Liverpool, Portsmouth, Aston Villa Patrik Berger
51%
1 2024– Liverpool Vítezslav Jaros
51%
121 1999–2005 Liverpool Vladimir Smicer
51%
32 1996–98 Manchester United Karel Poborsky
47%
106 2013–14, 2016–17, 2018–22 West Bromwich Albion, Watford, Burnley Matej Vydra
47%
2 2013–14 Chelsea Tomás Kalas
37%
82 2001–03, 2005–06 West Ham Tomas Repka
33%
146 1993-2000, 2003-04, 2006-07 Newcastle, Sheffield Wednesday, Portsmouth Pavel Srnicek
30%
169 1993–98 West Ham Ludek Miklosko
28%
18 2013–14, 2015–16 Aston Villa Libor Kozák
23%
37 2004–06 Chelsea, Birmingham City Jirí Jarosik
23%
14 2007–08 Reading Marek Matejovsky
21%
21 2004–05, 2007–08, 2011–12 Tottenham, QPR Radek Cerny
19%
5 2011–12 Fulham Zdenek Grygera
19%
21 2007–08 Newcastle David Rozehnal
14%
21 2013–14 Sunderland Ondrej Celustka
14%
53 2008–11 West Ham Radoslav Kovác
14%
29 2008–09, 2010–11 West Bromwich Albion Roman Bednár
14%
8 2006–07 Fulham Jan Lastuvka
12%
41 1992–94 QPR Jan Stejskal
12%
2 2011–12 Fulham Marcel Gecov
12%
10 2010–11 Birmingham City Martin Jiránek
7%
6 2005–06 Birmingham City Martin Latka
5%
No matching quizzes found
Score Distribution
Percent of People with Each Score
Percentile by Number Answered
Your Score History
You have not taken this quiz